Normal view
MARC view
- Jackson, William Godfrey Fothergill, Sir
Entry Personal Name
001 - CONTROL NUMBER
- control field: 106186
003 - CONTROL NUMBER IDENTIFIER
- control field: NUST
005 - DATE AND TIME OF LATEST TRANSACTION
- control field: 20221228115436.0
008 - FIXED-LENGTH DATA ELEMENTS
- fixed length control field: 221228|| aca||aabn | a|a d
040 ## - CATALOGING SOURCE
- Original cataloging agency: NUST
- Transcribing agency: NUST
100 ## - HEADING--PERSONAL NAME
- Personal name: Jackson, William Godfrey Fothergill, Sir
670 ## - SOURCE DATA FOUND
- Source citation: Work cat.: (NUST)185488: Jackson, William Godfrey Fothergill, Sir,, Attack in the West / , 1953
